| 000 | 00699nam a2200193 4500 | ||
|---|---|---|---|
| 001 | 118401 | ||
| 003 | ES-MaACL | ||
| 005 | 20231227175047.0 | ||
| 007 | t| | ||
| 008 | 070214s1969 sp r ||||1| spa d | ||
| 100 | 1 |
_aParedes Herrera, Ovidio-César. _989046 |
|
| 245 | 1 | 0 |
_aNueva guía del Museo del Prado / _cOvidio-César Paredes Herrera ; prólogo, Excmo. Sr. Marqués de Lozoya. |
| 250 | _aNueva ed. | ||
| 260 |
_aMadrid : _bMayfe, _c1969. |
||
| 300 |
_a174 p., 967 lám., 24 lám. col. ; _c18 cm + _e2 gráf. pleg. |
||
| 700 | 1 |
_aLozoya, Juan de Contreras y López de Ayala, _cMarqués de, _d1893-1978 _9129112 |
|
| 852 |
_aES-MaACL _jC-40527 _bR.71351 |
||
| 999 |
_c118401 _d118401 |
||